Moderní management znalostí (principy, procesy, příklady dobré praxe)

Saved in:
Bibliographic Details
Main Author: Petříková, Růžena
Format: Book
Language:Czech
Published: Praha Professional Publishing 2010
Subjects:
Tags: Add Tag
No Tags, Be the first to tag this record!

MARC

LEADER 00000nam a2200000 4500
001 0122010
005 20240313090126.1
020 |a 978-80-7431-011-9 
041 0 |a cze 
044 |a CZ 
245 1 0 |a Moderní management znalostí  |b (principy, procesy, příklady dobré praxe)  |c Růžena Petříková a kolektiv 
264 1 |a Praha  |b Professional Publishing  |c 2010 
300 |a 323 s. 
610 2 0 |a firmy 
610 2 0 |a vedomosti 
610 2 0 |a know-how 
610 2 0 |a manažment znalostný 
610 2 0 |a teória a prax 
610 2 0 |a riadenie podnikové 
610 2 0 |a kultúra podniková 
610 2 0 |a energetika 
610 2 0 |a Česko 
100 1 |a Petříková, Růžena